<?xml version="1.0" encoding="UTF-8"?>
<collection xmlns="http://www.loc.gov/MARC21/slim">
 <record>
  <leader>02008cam a2200409   4500</leader>
  <controlfield tag="001">304416002</controlfield>
  <controlfield tag="003">DE-627</controlfield>
  <controlfield tag="005">20211207230445.0</controlfield>
  <controlfield tag="007">tu</controlfield>
  <controlfield tag="008">991102s1945    be |||||      00| ||dut c</controlfield>
  <datafield tag="035" ind1=" " ind2=" ">
   <subfield code="a">(DE-627)304416002</subfield>
  </datafield>
  <datafield tag="035" ind1=" " ind2=" ">
   <subfield code="a">(DE-576)9304416000</subfield>
  </datafield>
  <datafield tag="035" ind1=" " ind2=" ">
   <subfield code="a">(DE-599)GBV304416002</subfield>
  </datafield>
  <datafield tag="035" ind1=" " ind2=" ">
   <subfield code="a">(OCoLC)247247721</subfield>
  </datafield>
  <datafield tag="040" ind1=" " ind2=" ">
   <subfield code="a">DE-627</subfield>
   <subfield code="b">ger</subfield>
   <subfield code="c">DE-627</subfield>
   <subfield code="e">rakwb</subfield>
  </datafield>
  <datafield tag="041" ind1=" " ind2=" ">
   <subfield code="a">dut</subfield>
  </datafield>
  <datafield tag="044" ind1=" " ind2=" ">
   <subfield code="c">XA-BE</subfield>
  </datafield>
  <datafield tag="100" ind1="1" ind2=" ">
   <subfield code="a">Duverger, Jozef</subfield>
   <subfield code="d">1899-1979</subfield>
   <subfield code="0">(DE-588)136952933</subfield>
   <subfield code="0">(DE-627)588720399</subfield>
   <subfield code="0">(DE-576)301360901</subfield>
   <subfield code="4">aut</subfield>
  </datafield>
  <datafield tag="245" ind1="1" ind2="4">
   <subfield code="a">Het grafschrift van Hubrecht van Eyck en het quatrain van het Gentsche lam gods-retabel</subfield>
   <subfield code="c">door J. Duverger</subfield>
  </datafield>
  <datafield tag="264" ind1=" " ind2="1">
   <subfield code="a">Antwerpen [u.a.]</subfield>
   <subfield code="b">Standard Boekhandel</subfield>
   <subfield code="c">1945</subfield>
  </datafield>
  <datafield tag="300" ind1=" " ind2=" ">
   <subfield code="a">97 S</subfield>
   <subfield code="b">Ill</subfield>
   <subfield code="c">26 cm</subfield>
  </datafield>
  <datafield tag="336" ind1=" " ind2=" ">
   <subfield code="a">Text</subfield>
   <subfield code="b">txt</subfield>
   <subfield code="2">rdacontent</subfield>
  </datafield>
  <datafield tag="337" ind1=" " ind2=" ">
   <subfield code="a">ohne Hilfsmittel zu benutzen</subfield>
   <subfield code="b">n</subfield>
   <subfield code="2">rdamedia</subfield>
  </datafield>
  <datafield tag="338" ind1=" " ind2=" ">
   <subfield code="a">Band</subfield>
   <subfield code="b">nc</subfield>
   <subfield code="2">rdacarrier</subfield>
  </datafield>
  <datafield tag="490" ind1="1" ind2=" ">
   <subfield code="a">Verhandelingen van de Koninklijke Vlaamsche Academie voor Wetenschappen, Letteren en Schoone Kunsten van Belgie͏̈, Klasse der Schoone Kunsten</subfield>
   <subfield code="v">Jg. 7, Nr. 4</subfield>
  </datafield>
  <datafield tag="500" ind1=" " ind2=" ">
   <subfield code="a">Die Vorlage enth. insgesamt 2 Werke</subfield>
  </datafield>
  <datafield tag="555" ind1=" " ind2=" ">
   <subfield code="a">Namenregister S. 91-95</subfield>
  </datafield>
  <datafield tag="583" ind1="1" ind2=" ">
   <subfield code="a">Massenentsäuert</subfield>
   <subfield code="c">2016</subfield>
   <subfield code="k">DE-18</subfield>
   <subfield code="2">pdager</subfield>
   <subfield code="5">DE-18-308</subfield>
  </datafield>
  <datafield tag="689" ind1="0" ind2="0">
   <subfield code="d">p</subfield>
   <subfield code="0">(DE-588)118531549</subfield>
   <subfield code="0">(DE-627)07933217X</subfield>
   <subfield code="0">(DE-576)208914765</subfield>
   <subfield code="a">Eyck, Hubert van</subfield>
   <subfield code="d">1366-1426</subfield>
   <subfield code="2">gnd</subfield>
  </datafield>
  <datafield tag="689" ind1="0" ind2=" ">
   <subfield code="5">(DE-627)</subfield>
  </datafield>
  <datafield tag="787" ind1="0" ind2="8">
   <subfield code="i">Rezensiert in</subfield>
   <subfield code="a">Roosen-Runge, Heinz, 1912 - 1983</subfield>
   <subfield code="t">[Rezension von: J. Duverger, Hubrecht van Eyck en het quatrain van het Gentsche lam gods-retabel]</subfield>
   <subfield code="d">Nürnberg : Carl, 1951</subfield>
   <subfield code="w">(DE-627)1727415914</subfield>
  </datafield>
  <datafield tag="810" ind1="2" ind2=" ">
   <subfield code="a">Koninklijke Vlaamse Academie voor Wetenschappen, Letteren en Schone Kunsten van Belgie͏̈</subfield>
   <subfield code="b">Klasse der Schone Kunsten</subfield>
   <subfield code="t">Verhandelingen van de Koninklijke Vlaamse Academie voor Wetenschappen, Letteren en Schone Kunsten van Belgie, Klasse der Schone Kunsten</subfield>
   <subfield code="v">4</subfield>
   <subfield code="9">4</subfield>
   <subfield code="w">(DE-627)13069438X</subfield>
   <subfield code="w">(DE-576)016242327</subfield>
   <subfield code="w">(DE-600)954882-8</subfield>
   <subfield code="x">0770-089X</subfield>
  </datafield>
  <datafield tag="850" ind1=" " ind2=" ">
   <subfield code="a">ba</subfield>
  </datafield>
  <datafield tag="951" ind1=" " ind2=" ">
   <subfield code="a">BO</subfield>
  </datafield>
  <datafield tag="990" ind1=" " ind2=" ">
   <subfield code="a">Eyck, Hubert van</subfield>
  </datafield>
  <datafield tag="991" ind1=" " ind2=" ">
   <subfield code="a">Rezensiertes Werk</subfield>
  </datafield>
  <datafield tag="999" ind1=" " ind2=" ">
   <subfield code="a">KXP-PPN304416002</subfield>
   <subfield code="e">4039871294</subfield>
  </datafield>
 </record>
</collection>
